00363nam a2200121Ia 4500008004100000020001800041041000800059082003000067100003500097245006100132260003900193300000900232230411s9999 xx 000 0 und d a0-7279-0853-7 aeng aMS/617.412/MIL/TRE/B05921 aMillner Russell & Treasure Tom aExplaining Cardiac Surgery : Patient assessment and care bBMJ Publishing GroupaLondonc1995 a184p